[Event "Fredericia Chess IM 2016"]
[Site "Erritso"]
[Date "2016.05.04"]
[Round "1"]
[White "Lubbe, Melanie"]
[Black "Seegert, Kristian"]
[Result "1-0"]
[WhiteElo "2261"]
[BlackElo "2231"]
[PlyCount "79"]
[EventDate "2016.??.??"]



1. d4 f5 2. g3 Nf6 3. Bg2 g6 4. Nf3 Bg7 5. O-O O-O 6. c4 d6 7. Nc3 c6 8. d5 Bd7
9. Be3 Na6 10. Rc1 Nc7 11. Qd2 Ng4 12. Bf4 c5 13. h3 Nf6 14. Bh6 Bxh6 15. Qxh6
b5 16. cxb5 Nxb5 17. Nxb5 Bxb5 18. Ng5 e5 19. Ne6 Qe7 20. Nxf8 Rxf8 21. Rfe1 e4
22. Qd2 Be8 23. b4 cxb4 24. Qxb4 Nxd5 25. Qd4 Nb6 26. Rc3 Bf7 27. a4 d5 28. Rb1
Nc4 29. Rcb3 Qd6 30. Rb7 a5 31. e3 g5 32. Rc1 Qg6 33. Bf1 Qc6 34. Rb5 Qe6 35.
Bxc4 dxc4 36. Rxa5 Rc8 37. Re5 Qg6 38. Qd7 Ra8 39. a5 f4 40. Qb7 1-0

[Event "Fredericia Chess IM 2016"]
[Site "Erritso"]
[Date "2016.05.04"]
[Round "1"]
[White "Livner, Anders"]
[Black "Lubbe, Nikolas"]
[Result "1/2-1/2"]
[WhiteElo "2338"]
[BlackElo "2500"]
[PlyCount "56"]
[EventDate "2016.??.??"]



1. c4 Nf6 2. g3 e5 3. Bg2 Nc6 4. Nc3 Bb4 5. Nd5 Bc5 6. e3 O-O 7. Ne2 d6 8. O-O
a6 9. b3 Re8 10. Bb2 Ba7 11. a3 Nxd5 12. cxd5 Ne7 13. d4 Ng6 14. Qc2 Bg4 15.
dxe5 Nxe5 16. h3 Bxe2 17. Qxe2 Bb6 18. Kh2 Qd7 19. Qc2 Re7 20. a4 a5 21. Be4
Ng6 22. Bf5 Qe8 23. Qc3 Qf8 24. Rae1 Bc5 25. Qc2 Qe8 26. Kg2 Bb4 27. Re2 b5 28.
Rd1 Rb8 1/2-1/2

[Event "Fredericia Chess IM 2016"]
[Site "Erritso"]
[Date "2016.05.04"]
[Round "1"]
[White "Olsen, Filip Boe"]
[Black "Scheerer, Christoph"]
[Result "1-0"]
[WhiteElo "2175"]
[BlackElo "2363"]
[PlyCount "79"]
[EventDate "2016.??.??"]



1. d4 d5 2. c4 Nc6 3. Nf3 Bg4 4. Nc3 e6 5. cxd5 exd5 6. Bf4 Bd6 7. Bg3 Nge7 8.
e3 O-O 9. Be2 a6 10. O-O Bxg3 11. hxg3 Qd6 12. Ne1 Bf5 13. Nd3 Bxd3 14. Bxd3
Rab8 15. Rc1 f5 16. Na4 Nd8 17. Nc5 c6 18. b4 Ne6 19. a4 Kh8 20. Rc3 Rf6 21.
Be2 Ng5 22. Rb3 Ne4 23. Nd3 g5 24. Ne5 Ng6 25. Nxg6+ Rxg6 26. Bd3 Re8 27. Bxe4
Rxe4 28. b5 axb5 29. axb5 Re7 30. bxc6 bxc6 31. Qb1 f4 32. exf4 gxf4 33. gxf4
Qxf4 34. Re1 Rf7 35. Qb2 Rg4 36. Re8+ Kg7 37. Rd3 Qf6 38. Qe2 Rg5 39. Re6 Qf5
40. Re5 1-0

[Event "Fredericia Chess IM 2016"]
[Site "Erritso"]
[Date "2016.05.04"]
[Round "1"]
[White "Dyrgaard, Kristoffer"]
[Black "Matthiesen, Martin"]
[Result "1/2-1/2"]
[WhiteElo "2278"]
[BlackElo "2338"]
[PlyCount "37"]
[EventDate "2016.??.??"]



1. e4 e5 2. Nf3 Nc6 3. Bb5 a6 4. Ba4 Nf6 5. d3 Bc5 6. Nc3 b5 7. Bb3 d6 8. Nd5
h6 9. c3 O-O 10. O-O Bb7 11. Re1 Re8 12. a4 b4 13. a5 Rb8 14. Ba4 bxc3 15. bxc3
Rf8 16. Bb3 Re8 17. Ba4 Rf8 18. Bb3 Re8 19. Ba4 1/2-1/2

[Event "Fredericia Chess IM 2016"]
[Site "Erritso"]
[Date "2016.05.04"]
[Round "1"]
[White "Fries Nielsen, Jens Ove"]
[Black "Thybo, Jesper Sondergaard"]
[Result "0-1"]
[WhiteElo "2356"]
[BlackElo "2373"]
[PlyCount "98"]
[EventDate "2016.??.??"]



1. c4 c5 2. Nc3 Nc6 3. g3 g6 4. Bg2 Bg7 5. d3 e6 6. h4 h6 7. h5 g5 8. f4 gxf4
9. Bxf4 d6 10. Nf3 Nf6 11. Rh4 Nd4 12. Nxd4 cxd4 13. Ne4 Nxe4 14. Bxe4 Bf6 15.
Rh1 e5 16. Bd2 Bd7 17. Bxb7 Rb8 18. Bd5 Rxb2 19. Qc1 Qb8 20. Rf1 Ke7 21. c5
Rxd2 22. Qxd2 dxc5 23. Qc2 Qd6 24. Qc4 e4 25. Bxe4 Be6 26. Qa4 Qxg3+ 27. Kd1
Qb8 28. Kc2 Rc8 29. Rab1 Qe5 30. Rb7+ Kf8 31. Rxa7 c4 32. Ra8 cxd3+ 33. Kxd3
Qg3+ 34. Rf3 Qe1 35. Rxc8+ Bxc8 36. Qa3+ Kg7 37. Rxf6 Qd1+ 38. Kc4 Kxf6 39.
Qf3+ Ke5 40. Bd5 Ba6+ 41. Kc5 Qc2+ 42. Kb6 Qxe2 43. Qxf7 Qb5+ 44. Ka7 Qxd5 45.
Qg7+ Kd6 46. Qxh6+ Qe6 47. Qf4+ Kc5 48. Qg5+ Kc6 49. Kxa6 Qxa2+ 0-1

[Event "Fredericia Chess IM 2016"]
[Site "Erritso"]
[Date "2016.05.05"]
[Round "2"]
[White "Seegert, Kristian"]
[Black "Thybo, Jesper Sondergaard"]
[Result "0-1"]
[WhiteElo "2231"]
[BlackElo "2373"]
[PlyCount "70"]
[EventDate "2016.??.??"]



1. e4 c6 2. d4 d5 3. exd5 cxd5 4. c4 Nf6 5. Nc3 Nc6 6. Bg5 Be6 7. a3 g6 8. Bxf6
exf6 9. cxd5 Bxd5 10. Qe2+ Ne7 11. Nxd5 Qxd5 12. Qb5+ Qd7 13. Qxd7+ Kxd7 14.
Bc4 Nf5 15. Ne2 Nd6 16. Bd3 f5 17. O-O Bg7 18. Rac1 Rac8 19. Rfd1 Bh6 20. f4
Rhe8 21. g3 Bg7 22. Kf2 a6 23. Kf3 b5 24. Rc5 Ne4 25. Bxe4 fxe4+ 26. Ke3 f5 27.
b4 Bf8 28. Rcc1 Rxc1 29. Rxc1 a5 30. d5 axb4 31. axb4 Ra8 32. Rb1 Ra3+ 33. Kf2
Bg7 34. Nc1 Kd6 35. Nb3 Kxd5 0-1

[Event "Fredericia Chess IM 2016"]
[Site "Erritso"]
[Date "2016.05.05"]
[Round "2"]
[White "Lubbe, Nikolas"]
[Black "Olsen, Filip Boe"]
[Result "1-0"]
[WhiteElo "2500"]
[BlackElo "2175"]
[PlyCount "55"]
[EventDate "2016.??.??"]



1. d4 d5 2. c4 c6 3. Nc3 Nf6 4. e3 e6 5. Nf3 Nbd7 6. Qc2 Bd6 7. Bd3 b6 8. cxd5
cxd5 9. Bd2 Bb7 10. Nb5 Qe7 11. Nc7+ Bxc7 12. Qxc7 Rb8 13. a3 O-O 14. Bb4 Qd8
15. Qf4 Re8 16. O-O Ne4 17. Rfc1 a5 18. Be1 g5 19. Qc7 g4 20. Nd2 Qxc7 21. Rxc7
Ndf6 22. Rac1 Red8 23. f3 Nxd2 24. Bxd2 gxf3 25. gxf3 Rdc8 26. Bb5 Rd8 27. Kf2
Rdc8 28. Rxb7 1-0

[Event "Fredericia Chess IM 2016"]
[Site "Erritso"]
[Date "2016.05.05"]
[Round "2"]
[White "Lubbe, Melanie"]
[Black "Livner, Anders"]
[Result "1-0"]
[WhiteElo "2261"]
[BlackElo "2338"]
[PlyCount "81"]
[EventDate "2016.??.??"]



1. e4 c6 2. d4 d5 3. Nc3 dxe4 4. Nxe4 Bf5 5. Ng3 Bg6 6. h4 h6 7. Nf3 Nd7 8. h5
Bh7 9. Bd3 Bxd3 10. Qxd3 e6 11. Bd2 Ngf6 12. O-O-O Bd6 13. Ne4 Bc7 14. Kb1 Nxe4
15. Qxe4 Nf6 16. Qe2 Qd5 17. c4 Qf5+ 18. Ka1 Rd8 19. Rh4 c5 20. dxc5 Qxc5 21.
g4 O-O 22. Rg1 Nh7 23. Be3 Qa5 24. g5 hxg5 25. Nxg5 Be5 26. Rhg4 Rd6 27. Kb1
Rfd8 28. Ne4 Ra6 29. a3 f5 30. f4 fxg4 31. fxe5 Qxe5 32. Qxg4 Rd7 33. h6 Rc6
34. c5 b6 35. Ka1 bxc5 36. Qg6 Nf8 37. Nf6+ Qxf6 38. Qxf6 Rd1+ 39. Ka2 Rxg1 40.
Qf3 Re1 41. Bd2 1-0

[Event "Fredericia Chess IM 2016"]
[Site "Erritso"]
[Date "2016.05.05"]
[Round "2"]
[White "Scheerer, Christoph"]
[Black "Dyrgaard, Kristoffer"]
[Result "1/2-1/2"]
[WhiteElo "2363"]
[BlackElo "2278"]
[PlyCount "151"]
[EventDate "2016.??.??"]



1. c4 Nf6 2. g3 c6 3. Nf3 g6 4. b3 Bg7 5. Bb2 d5 6. Bg2 O-O 7. O-O Nbd7 8. d4
Ne4 9. Nbd2 Ndf6 10. Ne5 Be6 11. Qc2 Bf5 12. Nxe4 Bxe4 13. Bxe4 Nxe4 14. f3 Ng5
15. Kg2 Qd6 16. Rad1 f6 17. Nd3 Rac8 18. Qc1 b6 19. Ba3 Qd7 20. Qe3 Rfe8 21.
Nf4 Bh6 22. Qf2 e5 23. dxe5 fxe5 24. Nd3 Nh3 25. Qe1 e4 26. fxe4 Rxe4 27. Nf2
Nxf2 28. Rxf2 Rce8 29. cxd5 cxd5 30. Bb2 Qe6 31. Qc3 d4 32. Qf3 Re3 33. Qb7
Rxe2 34. Bxd4 Qe4+ 35. Qxe4 R8xe4 36. Kf3 Rxf2+ 37. Bxf2 Re7 38. Rd8+ Kf7 39.
Ra8 Ke6 40. Ke4 Kd6+ 41. Kd3 Bg7 42. a4 Kc6 43. Be3 Be5 44. b4 Rd7+ 45. Kc4 Rc7
46. Rd8 Bf6 47. Rf8 Bg7 48. Rg8 Be5 49. Kd3 b5 50. axb5+ Kxb5 51. Rb8+ Ka4 52.
Ra8 Kxb4 53. Rxa7 Rxa7 54. Bxa7 Bf6 55. Bd4 Bd8 56. Ke4 Kc4 57. Bb2 Bc7 58. Be5
Bd8 59. Bf4 Bf6 60. Bd6 h5 61. Bf8 Bd4 62. Bd6 Bf6 63. h3 Bc3 64. Be5 Bb4 65.
Bf4 Bc3 66. Be3 Bf6 67. Bf2 Bc3 68. Kf4 Bf6 69. Ke4 Bc3 70. g4 hxg4 71. hxg4
Bf6 72. Be3 Bb2 73. Bg5 Kc5 74. Be7+ Kc6 75. Kf4 Kd7 76. Bc5 1/2-1/2

[Event "Fredericia Chess IM 2016"]
[Site "Erritso"]
[Date "2016.05.05"]
[Round "2"]
[White "Matthiesen, Martin"]
[Black "Fries Nielsen, Jens Ove"]
[Result "0-1"]
[WhiteElo "2338"]
[BlackElo "2356"]
[PlyCount "60"]
[EventDate "2016.??.??"]



1. d4 Nf6 2. c4 e6 3. Nc3 Bb4 4. Qc2 c6 5. a3 Bxc3+ 6. bxc3 Qa5 7. Bd2 d6 8. e3
c5 9. Bd3 Nc6 10. Ne2 Qc7 11. O-O Na5 12. e4 Bd7 13. f4 b5 14. e5 bxc4 15. exf6
cxd3 16. Qxd3 gxf6 17. Ng3 c4 18. Qe2 Nb3 19. Ne4 Nxa1 20. Nxf6+ Kd8 21. Rxa1
Rb8 22. Be1 h5 23. f5 Rb5 24. Bh4 Kc8 25. fxe6 Bxe6 26. a4 Rb3 27. d5 Bf5 28.
Be1 Bd3 29. Qd1 Qe7 30. Nxh5 Be2 0-1

[Event "Fredericia Chess IM 2016"]
[Site "Erritso"]
[Date "2016.05.05"]
[Round "3"]
[White "Olsen, Filip Boe"]
[Black "Lubbe, Melanie"]
[Result "1/2-1/2"]
[WhiteElo "2175"]
[BlackElo "2261"]
[PlyCount "134"]
[EventDate "2016.??.??"]



1. d4 Nf6 2. c4 g6 3. Nc3 Bg7 4. e4 d6 5. f3 O-O 6. Be3 a6 7. Qd2 c6 8. a4 a5
9. d5 Na6 10. Nge2 Nd7 11. Nc1 Ndc5 12. Be2 e5 13. O-O Qe7 14. Rd1 Rd8 15. Ra3
f5 16. Nd3 f4 17. Bxc5 dxc5 18. Nf2 Nc7 19. Qe1 Ne8 20. b3 g5 21. Ra2 Rd6 22.
Rad2 h5 23. h3 Bf8 24. dxc6 bxc6 25. Rxd6 Nxd6 26. Nd3 Ne8 27. Nb1 Nc7 28. Na3
Bg7 29. Nc2 Ne6 30. Qc3 Qc7 31. Nf2 Rb8 32. Rd3 Bd7 33. Qd2 Be8 34. Qc3 Bf8 35.
Rd1 Bg6 36. Rd3 Nd4 37. Nxd4 cxd4 38. Qc2 Qb6 39. Bd1 Bb4 40. Qe2 Bc3 41. Bc2
Bb2 42. Qd1 Rb7 43. Qb1 Bc3 44. Qd1 Bb4 45. Qe2 Rg7 46. Bd1 Bf7 47. Qc2 Be1 48.
Kf1 Bxf2 49. Qxf2 Be6 50. Qe1 c5 51. Kg1 Qd8 52. Qf2 Kf8 53. Kf1 Ke8 54. Ke1
Kd7 55. Kd2 Kc6 56. Kc1 Kb6 57. Kb2 Ka6 58. Kc1 Qg8 59. g4 hxg4 60. fxg4 Rh7
61. Be2 Bd7 62. Bf1 Bc6 63. Bg2 Qg6 64. Qf3 Rb7 65. Kd1 Qg8 66. Ke1 Ka7 67. Kf2
Qh7 1/2-1/2

[Event "Fredericia Chess IM 2016"]
[Site "Erritso"]
[Date "2016.05.05"]
[Round "3"]
[White "Thybo, Jesper Sondergaard"]
[Black "Matthiesen, Martin"]
[Result "0-1"]
[WhiteElo "2373"]
[BlackElo "2338"]
[PlyCount "56"]
[EventDate "2016.??.??"]



1. c4 e5 2. g3 Nf6 3. Bg2 d5 4. cxd5 Nxd5 5. Nc3 Be6 6. Nf3 Nc6 7. O-O Nb6 8.
d3 Be7 9. a3 O-O 10. b4 f6 11. Bb2 Qd7 12. Re1 Rfd8 13. Ne4 Bd5 14. Qc2 Bf8 15.
Rac1 a6 16. Ba1 Qf7 17. Nc5 Bxc5 18. bxc5 Nc8 19. Rb1 Rb8 20. Bc3 N8e7 21. Rb2
Nd4 22. Bxd4 exd4 23. Reb1 Qe8 24. Rb4 Nf5 25. g4 a5 26. Rc4 Bxf3 27. Bxf3 Nh4
28. Bxb7 Rxb7 0-1

[Event "Fredericia Chess IM 2016"]
[Site "Erritso"]
[Date "2016.05.05"]
[Round "3"]
[White "Dyrgaard, Kristoffer"]
[Black "Lubbe, Nikolas"]
[Result "1/2-1/2"]
[WhiteElo "2278"]
[BlackElo "2500"]
[PlyCount "102"]
[EventDate "2016.??.??"]



1. e4 c5 2. Nf3 Nc6 3. Nc3 d6 4. d4 cxd4 5. Nxd4 Nf6 6. Bg5 e6 7. Qd2 a6 8.
O-O-O Bd7 9. f4 b5 10. a3 Be7 11. Bxf6 gxf6 12. Be2 Nxd4 13. Qxd4 Rb8 14. f5
Qb6 15. fxe6 fxe6 16. Bh5+ Kd8 17. Ne2 Qxd4 18. Nxd4 Bf8 19. Rd3 Ke7 20. Rhd1
Rg8 21. Nf3 Rb6 22. g3 Bg7 23. Nh4 Rc8 24. Kb1 Rc5 25. Bf3 a5 26. b3 Bc8 27.
Ng2 Ba6 28. b4 axb4 29. axb4 Rc4 30. c3 Bb7 31. Re1 Rc8 32. Kb2 Ra6 33. Ne3
Rca8 34. Nc2 Bc6 35. Ra1 Rxa1 36. Nxa1 Bd7 37. Nc2 Rc8 38. Ne3 Bh6 39. Ng4 Bg7
40. Ne3 Rc7 41. Kb3 Be8 42. Nd1 Bg6 43. Re3 Rc4 44. Nb2 Rc8 45. c4 bxc4+ 46.
Nxc4 Bf7 47. Bg4 Rc7 48. Na5 f5 49. exf5 e5+ 50. Ka4 Be8+ 51. b5 d5 1/2-1/2

[Event "Fredericia Chess IM 2016"]
[Site "Erritso"]
[Date "2016.05.05"]
[Round "3"]
[White "Fries Nielsen, Jens Ove"]
[Black "Scheerer, Christoph"]
[Result "0-1"]
[WhiteElo "2356"]
[BlackElo "2363"]
[PlyCount "70"]
[EventDate "2016.??.??"]



1. d4 d5 2. Nf3 Nc6 3. e3 Bg4 4. Bb5 e6 5. h3 Bxf3 6. Qxf3 a6 7. Ba4 b5 8. Bb3
Nf6 9. Nd2 Na5 10. c3 Nxb3 11. axb3 c5 12. O-O Be7 13. dxc5 Bxc5 14. e4 O-O 15.
b4 Bb6 16. e5 Nd7 17. Qe2 Qb8 18. Nf3 Rc8 19. Bf4 Rc4 20. Bg3 a5 21. Nd2 Rc7
22. bxa5 Rxa5 23. Rxa5 Bxa5 24. f4 b4 25. f5 bxc3 26. bxc3 Rxc3 27. fxe6 fxe6
28. Qg4 Qe8 29. Nf3 Rc4 30. Bf4 Nc5 31. h4 h5 32. Qg3 Ne4 33. Qh3 Bb6+ 34. Kh2
Nf2 35. Qg3 Ng4+ 0-1

[Event "Fredericia Chess IM 2016"]
[Site "Erritso"]
[Date "2016.05.05"]
[Round "3"]
[White "Livner, Anders"]
[Black "Seegert, Kristian"]
[Result "1/2-1/2"]
[WhiteElo "2338"]
[BlackElo "2231"]
[PlyCount "129"]
[EventDate "2016.??.??"]



1. c4 e5 2. g3 Nc6 3. Nc3 Bc5 4. Bg2 a6 5. e3 d6 6. Nf3 Nf6 7. O-O O-O 8. d4
Ba7 9. h3 Rb8 10. dxe5 Nxe5 11. b3 h6 12. Bb2 Nfd7 13. Nd4 Nc5 14. Nd5 Bd7 15.
Bc3 Ng6 16. Ne2 Ne6 17. a4 Re8 18. Kh2 Ng5 19. Qc2 Qc8 20. h4 Ne6 21. Qb2 c6
22. Ndf4 Ngxf4 23. exf4 f6 24. Rad1 Qc7 25. Nd4 Nc5 26. Qc2 Rbd8 27. b4 Ne6 28.
Nf5 Bc8 29. Rfe1 a5 30. b5 Bc5 31. Bh3 Nf8 32. Rxe8 Rxe8 33. Qd2 cxb5 34. cxb5
b6 35. Bb2 Rd8 36. Re1 d5 37. Re2 Qf7 38. Qd3 Kh8 39. Qc2 Be6 40. Rd2 Rc8 41.
Qd1 Rd8 42. Nd4 Bxh3 43. Kxh3 Ne6 44. Nc6 Rd6 45. f5 Nc7 46. Qg4 Rd7 47. Bd4
Qf8 48. Rc2 Qd6 49. Re2 Rf7 50. Kg2 Qd7 51. Rc2 Qd6 52. Kf3 Na6 53. Qg6 Rf8 54.
Re2 Nb4 55. Re7 Rg8 56. Re6 Qf8 57. Bxc5 Qxc5 58. Re8 Nd3 59. Qf7 Qxf2+ 60. Kg4
Rxe8 61. Qxe8+ Kh7 62. Qg6+ Kh8 63. Qe8+ Kh7 64. Qg6+ Kg8 65. Qe8+ 1/2-1/2

[Event "Fredericia Chess IM 2016"]
[Site "Erritso"]
[Date "2016.05.06"]
[Round "4"]
[White "Lubbe, Melanie"]
[Black "Dyrgaard, Kristoffer"]
[Result "1-0"]
[WhiteElo "2261"]
[BlackElo "2278"]
[PlyCount "97"]
[EventDate "2016.??.??"]



1. e4 c5 2. Nf3 Nc6 3. Bb5 g6 4. Bxc6 dxc6 5. d3 Bg7 6. h3 e5 7. Be3 Qe7 8. Qd2
Nf6 9. Nc3 Nd7 10. Bh6 f6 11. Bxg7 Qxg7 12. Nh2 Nf8 13. f4 exf4 14. Qxf4 Ne6
15. Qf2 O-O 16. g4 Qh6 17. Nf3 Nd4 18. Rh2 f5 19. gxf5 Bxf5 20. Nxd4 cxd4 21.
Qxd4 Bxh3 22. Qc4+ Rf7 23. Nd1 Re8 24. a4 Qg5 25. Rxh3 Qg1+ 26. Kd2 Qg2+ 27.
Nf2 Qxf2+ 28. Kc3 b5 29. axb5 cxb5 30. Qc6 Ree7 31. Kb3 Rc7 32. Qe8+ Kg7 33.
Rxh7+ Kf6 34. Rxf7+ Rxf7 35. Qc6+ Kg7 36. Ra6 Qg3 37. Qc3+ Kh7 38. Rc6 g5 39.
Rc8 Rg7 40. Qf6 Qh3 41. Rc5 Qd7 42. Rxg5 Rxg5 43. Qxg5 Qe6+ 44. Kb4 Qd6+ 45.
Qc5 a5+ 46. Kxb5 Qb8+ 47. Qb6 Qe5+ 48. Ka4 Kg8 49. c3 1-0

[Event "Fredericia Chess IM 2016"]
[Site "Erritso"]
[Date "2016.05.06"]
[Round "4"]
[White "Lubbe, Nikolas"]
[Black "Fries Nielsen, Jens Ove"]
[Result "1-0"]
[WhiteElo "2500"]
[BlackElo "2356"]
[PlyCount "115"]
[EventDate "2016.??.??"]



1. d4 Nf6 2. c4 e6 3. Nf3 d5 4. Nc3 Be7 5. Bf4 dxc4 6. e4 b5 7. Nxb5 Bb4+ 8.
Bd2 Bxd2+ 9. Nxd2 a6 10. Nc3 Qxd4 11. Nxc4 e5 12. f3 Be6 13. Qa4+ Nfd7 14. Rd1
Qc5 15. Nd5 O-O 16. Be2 c6 17. Nde3 a5 18. Kf2 Nb6 19. Qc2 N8d7 20. Rd2 a4 21.
Rhd1 Ra7 22. Qc3 g6 23. Rc1 Nc8 24. a3 Ne7 25. Kf1 Rb8 26. Nd6 Qxc3 27. Rxc3
Rb3 28. Rdc2 Ra8 29. Nec4 Rab8 30. Rxb3 axb3 31. Rc3 Nc5 32. Bd1 f6 33. Ke1 Kg7
34. Kd2 Rd8 35. Kc1 Bg8 36. Na5 Ne6 37. Ndb7 Rb8 38. Bxb3 Nd4 39. Bd1 f5 40.
Rc5 Ne6 41. Rxe5 Kf6 42. f4 fxe4 43. Rxe4 c5 44. g3 h5 45. Bb3 Ra8 46. Re5 h4
47. Bxe6 Bxe6 48. Nxc5 Bf5 49. Nc4 hxg3 50. hxg3 Rh8 51. Ne4+ Bxe4 52. Rxe4
Rh1+ 53. Kd2 Rg1 54. a4 Rxg3 55. a5 Rb3 56. Re5 Rb7 57. Kc3 Nc6 58. Rc5 1-0

[Event "Fredericia Chess IM 2016"]
[Site "Erritso"]
[Date "2016.05.06"]
[Round "4"]
[White "Scheerer, Christoph"]
[Black "Thybo, Jesper Sondergaard"]
[Result "1-0"]
[WhiteElo "2363"]
[BlackElo "2373"]
[PlyCount "57"]
[EventDate "2016.??.??"]



1. c4 c5 2. g3 g6 3. Bg2 Bg7 4. e3 Nc6 5. Ne2 e6 6. Nbc3 Nge7 7. d4 cxd4 8.
Nxd4 d5 9. cxd5 exd5 10. Nde2 O-O 11. O-O Qb6 12. Qa4 Rd8 13. Rd1 Be6 14. Qb5
Qc7 15. Qc5 a6 16. Nf4 Bf8 17. Nxe6 fxe6 18. Ne2 Nf5 19. Qc2 Qe5 20. Bd2 Nd6
21. Qb3 Qf5 22. Nf4 Re8 23. Be1 Ne5 24. Bc3 Bg7 25. Nxd5 exd5 26. Rxd5 Ndf7 27.
f4 Rad8 28. fxe5 Rxd5 29. Bxd5 1-0

[Event "Fredericia Chess IM 2016"]
[Site "Erritso"]
[Date "2016.05.06"]
[Round "4"]
[White "Livner, Anders"]
[Black "Olsen, Filip Boe"]
[Result "1-0"]
[WhiteElo "2338"]
[BlackElo "2175"]
[PlyCount "93"]
[EventDate "2016.??.??"]



1. c4 c6 2. g3 d5 3. Bg2 Nf6 4. Nf3 Bf5 5. O-O e6 6. cxd5 cxd5 7. Qb3 Qb6 8.
Nc3 Nc6 9. d3 Be7 10. Be3 Qxb3 11. axb3 O-O 12. Nd4 Nxd4 13. Bxd4 Nd7 14. e4
dxe4 15. dxe4 Bg6 16. Rxa7 Rxa7 17. Bxa7 Ra8 18. Be3 Bh5 19. f4 Nc5 20. e5 Rb8
21. Ne4 Nxb3 22. Nd6 Bxd6 23. exd6 Rd8 24. Bxb7 Rxd6 25. Kf2 Bd1 26. Be4 Na5
27. b4 Nc4 28. b5 f5 29. Bg2 Ba4 30. Rb1 Nxe3 31. Kxe3 Rb6 32. Bf1 Bc2 33. Ra1
Kf7 34. Ra6 Rb7 35. Bc4 Re7 36. Kd4 Kf6 37. Kc5 Be4 38. Rd6 h6 39. b6 g5 40.
Bb5 Bb7 41. Bc6 Ba6 42. Rd8 e5 43. Ra8 Bb7 44. Ra7 Bc8 45. Rxe7 Kxe7 46. fxe5
Ke6 47. Kd4 1-0

[Event "Fredericia Chess IM 2016"]
[Site "Erritso"]
[Date "2016.05.06"]
[Round "4"]
[White "Seegert, Kristian"]
[Black "Matthiesen, Martin"]
[Result "1-0"]
[WhiteElo "2231"]
[BlackElo "2338"]
[PlyCount "73"]
[EventDate "2016.??.??"]



1. e4 e5 2. Nf3 Nc6 3. Bb5 a6 4. Ba4 Nf6 5. O-O Be7 6. Re1 b5 7. Bb3 d6 8. c3
O-O 9. h3 Nb8 10. d4 Nbd7 11. Nbd2 Bb7 12. Bc2 Re8 13. a4 Bf8 14. Bd3 c6 15. b3
b4 16. cxb4 exd4 17. Nxd4 c5 18. Nf5 cxb4 19. Bb2 Nc5 20. Qf3 g6 21. Ng3 Nxd3
22. Qxd3 Bg7 23. Rad1 d5 24. e5 Nd7 25. f4 Rc8 26. Nf3 Nc5 27. Qe3 f6 28. Qd4
fxe5 29. Nxe5 Qh4 30. Kh2 a5 31. Qe3 Rf8 32. Rf1 Bh6 33. Ng4 Bg7 34. Bxg7 Kxg7
35. f5 Nd7 36. f6+ Kg8 37. f7+ 1-0

[Event "Fredericia Chess IM 2016"]
[Site "Erritso"]
[Date "2016.05.06"]
[Round "5"]
[White "Fries Nielsen, Jens Ove"]
[Black "Lubbe, Melanie"]
[Result "0-1"]
[WhiteElo "2356"]
[BlackElo "2261"]
[PlyCount "80"]
[EventDate "2016.??.??"]



1. Nf3 Nf6 2. d4 g6 3. Nbd2 Bg7 4. c4 O-O 5. e4 d6 6. Qc2 Nh5 7. Nb3 a5 8. Be3
a4 9. Nbd2 e5 10. dxe5 dxe5 11. c5 Nc6 12. Bc4 Nd4 13. Bxd4 exd4 14. Bd3 Nf4
15. g3 Nxd3+ 16. Qxd3 b6 17. cxb6 cxb6 18. O-O Ba6 19. Nc4 Qe7 20. Rfc1 Rac8
21. Nfd2 Qe6 22. f4 Rc6 23. Rc2 b5 24. Na3 Rxc2 25. Nxc2 b4 26. Qf3 d3 27. Ne3
Bxb2 28. f5 Qb6 29. Rd1 Bd4 30. Ndf1 b3 31. a3 b2 32. Rb1 Rc8 33. Kg2 Rc1 34.
Nd5 Qc5 35. f6 Rxb1 36. Qf4 Kf8 37. Qh6+ Ke8 38. Qg7 Rc1 39. Nd2 Rc2 40. Kf3
Qf8 0-1

[Event "Fredericia Chess IM 2016"]
[Site "Erritso"]
[Date "2016.05.06"]
[Round "5"]
[White "Thybo, Jesper Sondergaard"]
[Black "Lubbe, Nikolas"]
[Result "0-1"]
[WhiteElo "2373"]
[BlackElo "2500"]
[PlyCount "100"]
[EventDate "2016.??.??"]



1. d4 Nf6 2. c4 e6 3. Nf3 d5 4. g3 Nbd7 5. Bg2 c6 6. Qc2 Ne4 7. O-O Bd6 8. Nfd2
Nxd2 9. Nxd2 f5 10. b3 O-O 11. Bb2 Nf6 12. Nf3 b6 13. Ne5 Bb7 14. a4 Nd7 15.
Nd3 a5 16. Rfc1 Qe7 17. Bc3 h5 18. Qd2 h4 19. e3 Kf7 20. Qb2 Ba6 21. Rd1 Rh8
22. Rab1 Rh7 23. cxd5 cxd5 24. b4 Bxd3 25. Rxd3 hxg3 26. hxg3 axb4 27. Bxb4
Rxa4 28. Bxd6 Qxd6 29. Rc3 Rh8 30. Qc2 Rha8 31. Rc6 Qe7 32. Qd1 g6 33. g4 Qh4
34. Rc7 R4a7 35. Rxa7 Rxa7 36. gxf5 gxf5 37. Qc2 Ke7 38. Qb2 Kf7 39. Rc1 Qe7
40. Rc6 b5 41. Qxb5 Ra1+ 42. Bf1 Qg5+ 43. Kh1 Nf6 44. Rc8 Qh4+ 45. Kg1 Qg4+ 46.
Kh1 Qf3+ 47. Kg1 Ra2 48. Rf8+ Kxf8 49. Qb8+ Kg7 50. Qa7+ Rxa7 0-1

[Event "Fredericia Chess IM 2016"]
[Site "Erritso"]
[Date "2016.05.06"]
[Round "5"]
[White "Matthiesen, Martin"]
[Black "Scheerer, Christoph"]
[Result "1/2-1/2"]
[WhiteElo "2338"]
[BlackElo "2363"]
[PlyCount "76"]
[EventDate "2016.??.??"]



1. d4 d5 2. c4 Nc6 3. Nf3 Bg4 4. Nc3 e6 5. cxd5 exd5 6. Bf4 Bxf3 7. gxf3 Bd6 8.
Bxd6 Qxd6 9. e3 Nge7 10. Bd3 O-O 11. f4 f5 12. O-O Nb8 13. Kh1 Nd7 14. Qc2 c6
15. Rg1 Kh8 16. Rac1 g6 17. Na4 Rab8 18. Nc5 Nxc5 19. Qxc5 Qxc5 20. Rxc5 Kg7
21. Rgc1 Kf6 22. Kg2 Ke6 23. h4 h5 24. Kf3 Kd6 25. Ra5 Ra8 26. Rac5 Rfc8 27.
Rg1 Rc7 28. Rcc1 b6 29. Rcd1 Ke6 30. Rd2 c5 31. dxc5 bxc5 32. b3 Rb8 33. Rc2
Rb4 34. Rgc1 Kd6 35. Rc3 Rc6 36. Rd1 Ke6 37. Rdc1 Kd6 38. Rd1 Ke6 1/2-1/2

[Event "Fredericia Chess IM 2016"]
[Site "Erritso"]
[Date "2016.05.06"]
[Round "5"]
[White "Dyrgaard, Kristoffer"]
[Black "Livner, Anders"]
[Result "1/2-1/2"]
[WhiteElo "2278"]
[BlackElo "2338"]
[PlyCount "43"]
[EventDate "2016.??.??"]



1. e4 c6 2. d4 d5 3. exd5 cxd5 4. c4 Nf6 5. Nc3 g6 6. cxd5 Nxd5 7. Qb3 Nb6 8.
Bb5+ Bd7 9. Nf3 Bg7 10. O-O O-O 11. Bg5 Bxb5 12. Qxb5 Qd6 13. Rfe1 e6 14. Rad1
Nc6 15. d5 Nxd5 16. Nxd5 exd5 17. Rxd5 Qb4 18. b3 Rfe8 19. Red1 h6 20. Be3 Qxb5
21. Rxb5 Rad8 22. Rbd5 1/2-1/2

[Event "Fredericia Chess IM 2016"]
[Site "Erritso"]
[Date "2016.05.06"]
[Round "5"]
[White "Olsen, Filip Boe"]
[Black "Seegert, Kristian"]
[Result "1-0"]
[WhiteElo "2175"]
[BlackElo "2231"]
[PlyCount "81"]
[EventDate "2016.??.??"]



1. d4 Nf6 2. Nf3 c5 3. c3 d5 4. e3 e6 5. Nbd2 Nbd7 6. Bd3 Bd6 7. O-O O-O 8. b3
b6 9. Bb2 Bb7 10. Rc1 Ne4 11. c4 f5 12. cxd5 exd5 13. Ne5 Nxe5 14. dxe5 Be7 15.
f4 Nxd2 16. Qxd2 Bc8 17. Be2 Be6 18. Bf3 Qd7 19. Rfd1 Rfd8 20. Rc3 b5 21. Qe2
Rac8 22. h3 c4 23. bxc4 bxc4 24. g4 Qb5 25. Qg2 Rb8 26. gxf5 Bxf5 27. Ba1 Be6
28. Kh2 Kh8 29. Rc2 Bf8 30. Qg5 h6 31. Qg6 Qe8 32. Qxe8 Rxe8 33. Bxd5 Bxd5 34.
Rxd5 Rec8 35. Rd7 Bb4 36. Bd4 Bc5 37. Rxc4 Bxd4 38. Rxc8+ Rxc8 39. exd4 a5 40.
e6 Kg8 41. d5 1-0

[Event "Fredericia Chess IM 2016"]
[Site "Erritso"]
[Date "2016.05.07"]
[Round "6"]
[White "Lubbe, Melanie"]
[Black "Thybo, Jesper Sondergaard"]
[Result "1/2-1/2"]
[WhiteElo "2261"]
[BlackElo "2373"]
[PlyCount "133"]
[EventDate "2016.??.??"]



1. e4 e5 2. Bc4 Nf6 3. d3 Nc6 4. Nf3 Bc5 5. c3 O-O 6. Bg5 d6 7. Bb3 a6 8. Nbd2
Ba7 9. Nf1 Be6 10. Ng3 h6 11. Be3 Bxe3 12. fxe3 d5 13. exd5 Bxd5 14. e4 Bxb3
15. axb3 Qd6 16. O-O Rfd8 17. Ne1 Ne7 18. b4 Qb6+ 19. Rf2 h5 20. Qf3 h4 21. Nf5
Nxf5 22. Qxf5 Rd6 23. h3 Re8 24. Qg5 Nd7 25. Qxh4 c5 26. bxc5 Nxc5 27. Kh2 Nxd3
28. Nxd3 Rxd3 29. Raf1 Rd7 30. Rf5 g6 31. Qg3 Qc6 32. Rxe5 Rde7 33. Rxe7 Rxe7
34. e5 Qb5 35. Re1 Qxb2 36. e6 Qb6 37. exf7+ Rxf7 38. Re8+ Kg7 39. Rc8 Qf2 40.
Qe5+ Qf6 41. Qb8 Re7 42. Rg8+ Kh7 43. Rc8 a5 44. Qg3 a4 45. c4 b6 46. Ra8 Re4
47. Rxa4 Kh6 48. Rb4 Qd4 49. Rb5 Qf6 50. Rd5 Qf4 51. Qxf4+ Rxf4 52. Rd6 Rxc4
53. Rxb6 Rc3 54. Rf6 Ra3 55. Rf3 Ra2 56. Kg3 Rb2 57. Ra3 Rb4 58. Kf3 Rc4 59. g4
Rb4 60. h4 Rc4 61. Re3 Ra4 62. Re4 Ra3+ 63. Kf4 Ra5 64. Re8 Ra4+ 65. Re4 Ra5
66. g5+ Kh5 67. Kg3 1/2-1/2